Missing Word: American Literature A-Z Quiz Stats

 Plays Quiz Updated Jul 3, 2014

Support Sporcle.
Go Orange.
Score 0/24 Timer 03:00
2 Plays Today
Hint Answer % Correct
To ____ a MockingbirdKill
98.8%
Gone with the ____Wind
97.9%
Of ____ and MenMice
97.7%
One Flew Over the Cuckoo's ____Nest
97.7%
The Catcher in the ____Rye
96.9%
The Color ____Purple
96.5%
The Adventures of ____ FinnHuckleberry
96.4%
Fear and Loathing in Las ____Vegas
95.9%
____ Tom's CabinUncle
95.4%
The ____ of WrathGrapes
95.3%
The ____ of the WildCall
94.1%
A Streetcar Named ____Desire
93.7%
Hint Answer % Correct
East of ____Eden
91.3%
A Farewell to ____Arms
90.6%
The Red ____ of CourageBadge
89.3%
The Sound and the ____Fury
78.8%
The Joy ____ ClubLuck
78.5%
____ of SolomonSong
74.1%
A Connecticut ____ in King Arthur's CourtYankee
73%
The Bell ____Jar
68%
____ Is the NightTender
48.6%
Franny and ____Zooey
38%
____ JestInfinite
28.4%
The Brief Wondrous Life of ____ WaoOscar
25.5%

Today's Daily Dose

Missing Word
1961 Movies A-Z

Word Ladder
Study Light

Get the Picture
Bread and Butter

You're not logged in!

Compare scores with friends on all Sporcle quizzes.
OR
Log In

From the Vault

NBA #1 Draft Picks (2000s)

by minshkins

No one said #1 picks always pan out.
Remove Ads.
Support Sporcle.
Get the best of Sporcle when you Go Orange. This ad-free experience offers more features, more stats, and more fun while also helping to support Sporcle. Thank you for becoming a member.

Show Comments

Extras

Top Quizzes Today


Score Distribution

Your Account Isn't Verified!

In order to create a playlist on Sporcle, you need to verify the email address you used during registration. Go to your Sporcle Settings to finish the process.

Report this User

Report this user for behavior that violates our Community Guidelines.

Details: